| 000 | 01856nam0a2200325 4500 | ||
|---|---|---|---|
| 001 | RU\NLR\bibl\52326 | ||
| 005 | 20260408222204.0 | ||
| 010 |
_a5-201-03239-7 _9150 |
||
| 021 |
_aRU _b99-27988 _91364 |
||
| 035 | _a(NLR Aleph) 000051040 | ||
| 090 |
_a273398 _c273398 |
||
| 100 | _a19991012d1999 |||y0rusy50 ca | ||
| 101 | 0 | _arus | |
| 102 | _aRU | ||
| 105 | _ay ||||||||| | ||
| 200 | 1 |
_aСтенограмма заседания Ученого совета Института экономики Российской академии наук, 25 марта 1999 года _e(Заседание Учен. совета Ин-та экономики РАН, посвящ. 100-летию со дня выхода кн. В. Ильина "Развитие капитализма в России") _fРос. акад. наук, Ин-т экономики |
|
| 210 |
_aМ. _cИЭ РАН _d1999 |
||
| 215 |
_a105 с. _d21 |
||
| 320 | _aБиблиогр. в тексте | ||
| 604 |
_1700#1$aЛенин$bВ. И.$gВладимир Ильич$f1870-1924$4070 _150010$aРазвитие капитализма в России: Процесс образования внутр. рынка для крупной пром-сти$2psbo _aЛенин, Владимир Ильич (1870-1924) _tРазвитие капитализма в России: Процесс образования внутр. рынка для крупной пром-сти |
||
| 606 |
_aКапитализм _xИстория _yРоссия _3RU\NLR\AUTH\6601755349 _92667322 |
||
| 686 | _aУ03(2)5 | ||
| 710 | 0 | 2 |
_4070 _aИнститут экономики _cМосква _3RU\NLR\AUTH\882985 _9277114 |
| 801 | 0 |
_aRU _bNLR _c19991012 _gPSBO |
|
| 801 | 1 |
_aRU _bNLR _c19991012 |
|
| 852 |
_aNLR _j99-3/12386 |
||
| 942 | _cBOOK | ||
| 980 | _aNB | ||